| 000 | 01283nam a2200397 i 4500 | ||
|---|---|---|---|
| 001 | 7831 | ||
| 003 | KOSZ 005 | ||
| 005 | 20221206145001.0 | ||
| 008 | 070620s1969 pl a f 001 0 pol | ||
| 015 | _aPB 1969/2380 | ||
| 040 |
_aWA N _cWA N _dKOSZ 005/RW _dKOSZ 005/HR |
||
| 041 | 0 |
_apol _beng |
|
| 046 | _k1969 | ||
| 080 | _a17 | ||
| 080 | _a316.6 | ||
| 100 | 1 |
_aOssowska, Maria _d(1896-1974) _eAutor |
|
| 245 | 1 | 0 |
_aSocjologia moralności : _bzarys zagadnień / _cMaria Ossowska. |
| 250 | _aWyd. 2 popr. i rozsz. | ||
| 260 |
_aWarszawa : _bPaństwowe Wydawnictwo Naukowe, _c1969. |
||
| 300 |
_a395, [1] s. : _berr. ; _c23 cm. |
||
| 336 |
_2rdacontent _aTekst _btxt |
||
| 337 |
_2rdamedia _aBez urządzenia pośredniczącego _bn |
||
| 338 |
_2rdacarrier _aWolumin _bnc |
||
| 380 | _aKsiążki | ||
| 388 | _a1901-2000 | ||
| 388 | _a1945-1989 | ||
| 504 | _aBibliogr. s. 383-[388]. Indeks. | ||
| 546 | _aStreszcz. ang. | ||
| 650 | 4 | _aEtyka | |
| 650 | 4 | _aSocjologia moralności | |
| 658 | _aFilozofia i etyka | ||
| 658 | _aSocjologia i społeczeństwo | ||
| 710 | 2 |
_aPaństwowe Wydawnictwo Naukowe _4pbl. |
|
| 856 |
_uhttp://koha.tu.koszalin.pl/cgi-bin/koha/opac-detail.pl?biblionumber=7831 _yKatalog online BPK |
||
| 942 |
_2UKD _cKS |
||
| 999 |
_c7831 _d7831 |
||